Statistics for Major non-NATO U.S. Allies

Click here to take the quiz!

General Stats

  • This quiz has been taken 12,605 times
    (11,835 since last reset)
  • The average score is 12 of 18

Answer Stats

YearCountry% Correct
1987Japan
92%
1987Australia
90%
1997New Zealand
87%
1987South Korea
87%
2019Brazil
84%
1987Israel
79%
1998Argentina
75%
2003Taiwan
72%
1987Egypt
71%
2003Philippines
69%
2003Thailand
65%
2004Pakistan
56%
2004Morocco
52%
1996Jordan
47%
2004Kuwait
44%
2012Afghanistan
43%
2015Tunisia
35%
2002Bahrain
32%

Score Distribution

Percentile by Number Answered

Percent of People with Each Score

Your Score History

You have not taken this quiz since the last reset